000 00309nam a22001217a 4500
040 _cSY
082 _a333
100 _aNA
245 _aស្ថាប័នអនុវត្តដំណើរការគោលនយោបាយដីធ្លី
260 _aRUA
_bNA
_c2002
300 _a23p.
942 _cKB
999 _c9322
_d9322